| 000 | 00985nam a2200325Ia 4500 | ||
|---|---|---|---|
| 003 | OSt | ||
| 005 | 20220912145249.0 | ||
| 006 | a|||||r|||| 00| 0 | ||
| 007 | ta | ||
| 008 | 220909b |||||||| |||| 00| 0 eng d | ||
| 020 | _a9780471761297 (hbd) | ||
| 024 | _a80698 | ||
| 037 | _b399, 17/03/2008, Ashutosh Technical Books | ||
| 037 | _cTextbook | ||
| 040 |
_aCSL _beng _cCSL |
||
| 041 | _aeng | ||
| 082 | _aE5:21, P7 TC | ||
| 100 | _aLi Chao-Jun | ||
| 245 | 0 | _aComprehenssive organic reactions in aqueous media | |
| 250 | _a2 | ||
| 260 |
_aHoboken _bJohn Wiley & Sons _c2007 |
||
| 300 |
_axvi,417p. _ccm. |
||
| 500 | _aIncludes bibliographical referencers; Index 409-417p | ||
| 650 | _a Chemical reactions | ||
| 650 | _a Solution- chemistry | ||
| 650 | _aChemistry-organic | ||
| 700 | _a Chan Tak-Hang | ||
| 942 |
_hE5:21, P7 TC _cTB _2CC |
||
| 999 |
_c27333 _d27333 |
||